000 00316nam a22001337a 4500
020 _a9789693524970
040 _cNUST
082 _a297.4 AHM
100 _aAhmad Rafiq Akhtar ,Prof
245 _aBuniyaadi Inhiraaf
260 _aLahore:
_bSang-e-Meel,
_c2015.
650 _aIslam-Essays
_9111972
942 _2ddc
_cBK
999 _c593668
_d593668